Online katalóg knižníc regiónu Turca

V pravý čas (Record no. 22179)

MARC details
000 -LEADER
fixed length control field 01762cam a2200481 4500
001 - CONTROL NUMBER
control field 22179
003 - CONTROL NUMBER IDENTIFIER
control field VRT
005 - DATE AND TIME OF LATEST TRANSACTION
control field 20260321115037.0
008 - FIXED-LENGTH DATA ELEMENTS--GENERAL INFORMATION
fixed length control field 210624s2019 xo gr 000 f slo
015 ## - NATIONAL BIBLIOGRAPHY NUMBER
National bibliography number SNBA2019/10
020 ## - INTERNATIONAL STANDARD BOOK NUMBER
International Standard Book Number 9788055168302
Qualifying information (viazané)
035 ## - SYSTEM CONTROL NUMBER
System control number 86630059-36A9-48DD-AD06-F937938E2E8B
035 ## - SYSTEM CONTROL NUMBER
System control number urn:nbn:sk:snk-am3idf3
035 ## - SYSTEM CONTROL NUMBER
System control number urn:nbn:sk:snk-am00e4bt
039 #9 - LEVEL OF BIBLIOGRAPHIC CONTROL AND CODING DETAIL [OBSOLETE]
Level of rules in bibliographic description 202106241216
Level of effort used to assign nonsubject heading access points VLOAD
Level of effort used to assign subject headings 202101050924
Level of effort used to assign classification VLOAD
Level of effort used to assign subject headings 201911101908
Level of effort used to assign classification AUTHORITY
Level of effort used to assign subject headings 201911101853
Level of effort used to assign classification AUTHORITY
040 ## - CATALOGING SOURCE
Original cataloging agency POKPOH
Language of cataloging slo
Transcribing agency POKPOH
Modifying agency SNK
Description conventions rda
041 1# - LANGUAGE CODE
Language code of text/sound track or separate title slo
Language code of original eng
044 ## - COUNTRY OF PUBLISHING/PRODUCING ENTITY CODE
MARC country code xo
ISO country code SK
072 #7 - SUBJECT CATEGORY CODE
Subject category code 821.111(73)-3
Subject category code subdivision Americká próza
Source konspekt
080 ## - UNIVERSAL DECIMAL CLASSIFICATION NUMBER
Universal Decimal Classification number 821.111(73)-31
Edition identifier 2011
080 ## - UNIVERSAL DECIMAL CLASSIFICATION NUMBER
Universal Decimal Classification number (0:82-312.5)
Edition identifier 2011
100 1# - MAIN ENTRY--PERSONAL NAME
Personal name Steel, Danielle,
Dates associated with a name 1947-
Relationship aut
240 14 - UNIFORM TITLE
Uniform title The Right Time
Language of a work Slovensky
245 10 - TITLE STATEMENT
Title V pravý čas
Statement of responsibility, etc. Danielle Steel ; preložila Oľga Hlaváčová
264 #1 - PRODUCTION, PUBLICATION, DISTRIBUTION, MANUFACTURE, AND COPYRIGHT NOTICE
Place of production, publication, distribution, manufacture Bratislava
Name of producer, publisher, distributor, manufacturer Ikar
Date of production, publication, distribution, manufacture, or copyright notice 2019
300 ## - PHYSICAL DESCRIPTION
Extent 331 strán
Dimensions 21 cm
336 ## - CONTENT TYPE
Content type term text
Content type code txt
Source rdacontent
337 ## - MEDIA TYPE
Media type term bez média
Media type code n
Source rdamedia
338 ## - CARRIER TYPE
Carrier type term zväzok
Carrier type code nc
Source rdacarrier
500 ## - GENERAL NOTE
General note Preložené z angličtiny
500 ## - GENERAL NOTE
General note Obsahuje krátke biografické údaje o autorke na záložke prebalu
655 #7 - INDEX TERM--GENRE/FORM
Genre/form data or focus term americké romány
Source of term SNKPH
655 #7 - INDEX TERM--GENRE/FORM
Genre/form data or focus term ľúbostné romány
Source of term SNKPH
655 #7 - INDEX TERM--GENRE/FORM
Genre/form data or focus term American novels
Source of term SNKPHeng
655 #7 - INDEX TERM--GENRE/FORM
Genre/form data or focus term Love novels
Source of term SNKPHeng
700 1# - ADDED ENTRY--PERSONAL NAME
Personal name Hlaváčová, Oľga
Titles and other words associated with a name (prekladateľka)
Relationship trl
942 ## - ADDED ENTRY ELEMENTS (KOHA)
Source of classification or shelving scheme Dewey Decimal Classification
Koha item type Krásna literatúra pre dospelých
Suppress in OPAC No
949 ## - LOCAL PROCESSING INFORMATION (OCLC)
6 270001000575612
a svkbbA 158784
b svkbbm 786285
949 ## - LOCAL PROCESSING INFORMATION (OCLC)
6 2889352928
a savukPV 28998
b savuk2019/3813
949 ## - LOCAL PROCESSING INFORMATION (OCLC)
6 17A1390692
a snkSC 186231
b snk2019/26576
o 1956/19
s 6100:20191028
949 ## - LOCAL PROCESSING INFORMATION (OCLC)
6 17A1391598
a snkSC 186231 D1
b snk2019/27690
o 1956/19
949 ## - LOCAL PROCESSING INFORMATION (OCLC)
6 273K0652895
a svkpoA 244004
b svkpo642090
Holdings
Stav vyradenia Strata Poškodenie Spôsob nadobudnutia Domovská knižnica Aktuálna knižnica Dátum nadobudnutia Total checkouts Čiarový kód exemplára Date last seen Typ exemplára
      Dar Obecná knižnica Horná Štubňa Obecná knižnica Horná Štubňa 21.03.2026   9788055168302 21.03.2026 Krásna literatúra pre dospelých
Projekt je podporený Slovenskou asociáciou knižníc
Prevádzkuje Turčianska knižnica Martin 2026